01219nam a2200277 i 450000100060000000300090000600500170001500700030003200800410003502000180007608000220009410000190011624501870013525000910032226000630041330000370047649000720051353400730058565000480065865500250070670000250073170000390075671000410079583000720083685200330090815196ES-MaACL20230921105136.0t|000117s1999 sp ||||1| spa d a84-89796-39-4 a615.07(035.3)"00"1 aDioscórides.10aAcerca de la materia medicinal y de los venenos mortíferos b: edición de 1566 / cPedacio Dioscórides Anazarbeo ; [traducido de lengua griega e ilustrado por] Andrés Laguna. aEd. facs. de 1566 bcon estudios introductorios de Pedro Laín Entralgo ... [et al.]. a[Madrid] : bFundación de Ciencias de la Salud, c[1999] a616, [194] p. : bil. ; c29 cm.1 aBiblioteca de clásicos de la medicina y de la farmacia española pReprod. facs. de la ed. de: c-- Salamanca : por Mathias Gast, 1566.14aMateria médica-vObras anteriores a 1800. 72tgfbneaFacsímiles1 aLaguna, Andrés de.1 aLaín Entralgo, Pedro,d1908-20012 aFundación de Ciencias de la Salud.0 aBiblioteca de clásicos de la medicina y de la farmacia española aES-MaACLjL-22375 bR.127629